Essentials of neuropsychiatry and clinical neurosciences / (Record no. 77)

MARC details
000 -LEADER
fixed length control field 00973cam a2200301 a 4500
005 - DATE AND TIME OF LATEST TRANSACTION
control field 20260322212005.0
008 - FIXED-LENGTH DATA ELEMENTS--GENERAL INFORMATION
fixed length control field data
010 ## - LIBRARY OF CONGRESS CONTROL NUMBER
LC control number 2002043672
020 ## - INTERNATIONAL STANDARD BOOK NUMBER
International Standard Book Number 158562005X (alk. paper)
020 ## - INTERNATIONAL STANDARD BOOK NUMBER
International Standard Book Number 9781585620050 (alk. paper)
040 ## - CATALOGING SOURCE
Original cataloging agency DNLM/DLC
Transcribing agency DLC
Modifying agency CtY-M
-- CtY-M
042 ## - AUTHENTICATION CODE
Authentication code pcc
050 00 - LIBRARY OF CONGRESS CALL NUMBER
Classification number RC341
Item number .E84 2004
060 10 - NATIONAL LIBRARY OF MEDICINE CALL NUMBER
Classification number WM 140
Item number E785 2004
096 ## - LOCALLY ASSIGNED NLM-TYPE CALL NUMBER (OCLC)
Classification number WM 140 E78 2004
001 - CONTROL NUMBER
control field data
245 00 - TITLE STATEMENT
Title Essentials of neuropsychiatry and clinical neurosciences /
Statement of responsibility, etc. edited by Stuart C. Yudofsky, Robert E. Hales.
260 ## - PUBLICATION, DISTRIBUTION, ETC.
Place of publication, distribution, etc. Washington, DC :
Name of publisher, distributor, etc. American Psychiatric Pub.,
Date of publication, distribution, etc. c2004.
300 ## - PHYSICAL DESCRIPTION
Extent xiv, 753 p. :
Other physical details ill. (some col.) ;
Dimensions 26 cm.
504 ## - BIBLIOGRAPHY, ETC. NOTE
Bibliography, etc. note Includes bibliographical references and index.
590 ## - LOCAL NOTE (RLIN)
Local note Includes bibliographical references and index.
650 #0 - SUBJECT ADDED ENTRY--TOPICAL TERM
Topical term or geographic name entry element Neuropsychiatry.
650 12 - SUBJECT ADDED ENTRY--TOPICAL TERM
Topical term or geographic name entry element Mental Disorders.
650 22 - SUBJECT ADDED ENTRY--TOPICAL TERM
Topical term or geographic name entry element Nervous System Diseases.
650 22 - SUBJECT ADDED ENTRY--TOPICAL TERM
Topical term or geographic name entry element Neuropsychology.
700 1# - ADDED ENTRY--PERSONAL NAME
Personal name Yudofsky, Stuart C.
700 1# - ADDED ENTRY--PERSONAL NAME
Personal name Hales, Robert E.
Holdings
Withdrawn status Lost status Damaged status Not for loan Home library Current library Shelving location Date acquired Total checkouts Full call number Barcode Date last seen Price effective from Koha item type
        Riverside Riverside General stacks 22/03/2026   RC341 .E84 2004 BC0010080 22/03/2026 22/03/2026 Books